[Event "Russian Championship Superfinal"]
[Site "Moscow, Russia"]
[Date "2007.12.26"]
[Round "7"]
[White "GM Sakaev, Konstantin(RUS)"]
[Black "GM Timofeev, Artyom(RUS)"]
[Result "0-1"]
[WhiteElo "2634"]
[BlackElo "2637"]
[Annotator "Ëåáåäåâ Âàñèëèé"]
[PlyCount "78"]
[EventDate "2007.12.26"]

1. d4 d5 2. c4 e6 3. Nc3 c6 4. e4 dxe4 5. Nxe4 Bb4+ {Êàê ãîâîðèòñÿ, ðå÷ü íå
çàïèñíîãî àóòñàéäåðà, à ñëó÷àéíî îêàçàâøåãîñÿ íà ïîñëåäíåì ìåñòå
ãðîññìåéñòåðà. Ñåé÷àñ íà÷í¸òñÿ...} 6. Bd2 Qxd4 7. Bxb4 Qxe4+ 8. Be2 Na6 9.
Bd6 Qxg2 10. Qd2 Nf6 11. Bf3 Qg6 12. O-O-O e5 $1 ({È õîòü â ñëåäóþùåì
ïîåäèíêå ÷¸ðíûìè ðóêîâîäèë, âèäèìî, íå ñëèøêîì ñèëüíûé èãðîê, íî â àòàêóþùèõ
çàñëóãàõ áåëûì íå îòêàæåøü} 12... Bd7 13. Be5 (13. Ne2 $5) 13... O-O-O 14. Ne2
Qf5 15. Qe3 Nb4 (15... c5 $5) 16. Nd4 $1 Nxa2+ 17. Kd2 Be8 ({èëè} 17... Qh3 18.
Nb5 cxb5 19. Bxb7+ $1) 18. Ke2 Qh3 19. Nb5 Rxd1 (19... cxb5 20. Bxb7+ $1) 20.
Rxd1 Qxf3+ (20... cxb5 21. Qc5+) ({ñìåøíàÿ ïîçèöèÿ ïîëó÷àåòñÿ ïîñëå} 20... Nd7
21. Nxa7+ Kd8 22. Qb6+ Ke7 23. Nc8+ Kf8 24. Bd6+ Kg8 25. Ne7+ Kf8 26. Nxc6+ Kg8
27. Ne7+ Kf8 28. Qd8 $18) 21. Kxf3 cxb5 22. Qxa7 Bc6+ 23. Ke2 {(1-0 Gerard,N
(2333) - Martinez,J (2072)/Sautron 2006). Íî çíàåòå, åñòü ó ìåíÿ ïîäîçðåíèå,
÷òî çà îñíîâó ñâîåé äåáþòíîé ñòðàòåãèè Àðò¸ì Òèìîôååâ âçÿë èìåííî ýòó
ïàðòèþ!}) 13. Bxe5 {Ïîêà åù¸ íå íîâèíêà...} ({Äâå áåçóìíûå ïàðòèè
ãðîññìåéñòåðà Ïàâàñîâè÷à, èãðàííûå íà íûíåøíåãîäíåì ÷åìïèîíàòå Åâðîïû,
ïîêàçàëè, ÷òî ïîñëå} 13. Ne2 {, ó ÷¸ðíûõ, êàê ìèíèìóì, íå õóæå.} Bg4 14. Rhg1
O-O-O 15. Qe3 h5 16. h3 Rxd6 17. Rxd6 Nb4 18. Qb3 Qh6+ 19. Kd1 Bxf3 20. Qxf3
Qh7 21. Nc3 Qc2+ 22. Ke1 e4 23. Qf5+ Kb8 24. Rxg7 Nd3+ 25. Kf1 Qc1+ 26. Kg2
Nf4+ 27. Kg3 (27. Kh2 Ng4+ $1 28. Rxg4 hxg4 29. Rd1 Rxh3+ 30. Kg1 Ne2+ 31. Kf1
Ng3+ 32. fxg3 Rh1+ 33. Kg2 Rxd1 34. Nxd1 Qxd1 35. Qe5+ Kc8 36. Qe8+ Kc7 37.
Qxf7+ Kb6 38. c5+ Kxc5 39. Qxb7 Qf3+ 40. Kh2 Qf2+ 41. Kh1 Qf1+ 42. Kh2 Qh3+ 43.
Kg1 Qxg3+ 44. Kf1 Qd3+ 45. Ke1 a5 46. Qa7+ Kd6 47. Qxa5 Qb1+ 48. Kf2 Qxb2+ 49.
Ke3 Qc1+ 50. Kxe4 Qc4+ 51. Kf5 Qb5+ 52. Qxb5 cxb5 53. Kxg4 Kc5 54. Kg5 b4 55.
Kg6 Kc4 56. Kf5 Kc3 57. Ke4 Kb2 58. Kd3 Kxa2 {
0-1 Moiseenko,A (2630) - Pavasovic,D (2567)/Dresden GER 2007}) 27... Qg1+ 28.
Kxf4 Qxf2+ 29. Kg5 (29. Ke5 $1) 29... Qg3+ 30. Kxf6 Qxd6+ 31. Kg5 Qh6+ {
(0-1 Van Wely,L (2674)-Pavasovic,D (2567)/Dresden GER 2007).}) 13... Be6 $146 (
13... O-O 14. Ne2 Qf5 15. Bd6 Rd8 16. Qc3 Ne8 ({â ñëó÷àå} 16... Ne4 $5 {
åñòü îäèí «ðûáíûé» âàðèàíò} 17. Bxe4 Qxe4 18. Rhg1 Bg4 $1 19. Rd4 Qxe2 20.
Rdxg4 g6 21. Qf6 {, è øàõ ñî ñòóêîì íà g6 áóäåò íåïðåìåííî èñïîëíåí} Nc5 $5 22.
Rxg6+ ({èëè} 22. Bxc5 Qd2+ 23. Kb1 Qd3+ 24. Kc1 Qd2+ 25. Kb1 $11) 22... fxg6
23. Rxg6+ hxg6 24. Qxg6+ Kh8 $11) 17. Rhg1 $44 {
- 1/2 Leitao,R (2601) - Shulman,Y (2616)/Khanty-Mansiysk RUS 2007 (75).}) 14.
Ne2 Qf5 15. Qe3 $2 {Òåïåðü áåëûå, â êîíöå êîíöîâ, ïîëó÷àò ïî÷òè òàêóþ æå
ïîçèöèþ, ÷òî âîçíèêëà â âûøåóïîìÿíóòîé ïàðòèè íå ñàìûõ âåëèêèõ èãðîêîâ. Íî
çäåñü ýòî ñàìîå «ïî÷òè» áóäåò çíà÷èòü î÷åíü ìíîãî.} ({Íà} 15. Qc3 $5 {
, áåç ñîìíåíèÿ áûëî çàãîòîâëåíî ñòðåìèòåëüíîå} Nb4 $1 {è ïîñëå ëîãè÷íûõ õîäîâ}
16. Qxb4 Qxe5 ({åñëè} 16... Qxf3 $2 {, òî} 17. Nd4 Qxf2 $140 18. Nxe6 fxe6 19.
Qd6 Qf5 20. Rhg1 {, è ÷¸ðíûì ìîæíî ñäàâàòüñÿ}) 17. Rhe1 $1 {íà êîìïåíñàöèþ
âçàìåí óòðà÷åííîãî ìàòåðèàëà áåëûå, ïî-ìîåìó, ìîãóò âñ¸ æå ðàññ÷èòûâàòü})
15... Nb4 16. Nd4 Nxa2+ 17. Kd2 O-O-O {Ïî ñðàâíåíèþ ñ ïîçèöèåé èç óæå
óïîìèíàâøåéñÿ ïàðòèè åñòü ìàëåíüêîå òàêîå ðàçëè÷èå - ëàäüÿ ïî ëèíèè «d»
ñìîòðèò âäàëü, çíà÷èò, êîíü áåëûõ ñâÿçàí, è ÷¸ðíîìó ôåðçþ ïîêà íè÷åãî íå
ãðîçèò... Íî ýòî òîëüêî ïîêà...} 18. Ke1 Rxd4 $1 {Ëèøíèõ ïåøåê ó Àðò¸ìà áûëî
çäåñü íàêîïëåíî óæå ñòîëüêî, ÷òî íàçâàòü ýòî æåðòâîé ÿçûê íå ïîâîðà÷èâàåòñÿ.
È åñòü ìíåíèå, ÷òî îöåíêà çäåñü äîëæíà âûñòàâëÿòüñÿ òàêàÿ:  «-+».} (18...
Qh3 19. Qa3 $1) 19. Rxd4 Nb4 20. Bd1 Re8 21. Rg1 Bxc4 $1 {Òèïà êîìáèíàöèÿ.} 22.
f4 (22. Rxc4 Rxe5 $19) 22... Nbd5 23. Rxd5 {Ñîâñåì íå î òàêîì «îòâåòíîì»
óäàðå ìå÷òàëè áåëûå âñåãî ëèøü äåñÿòü õîäîâ íàçàä...} Nxd5 24. Qxa7 Rxe5+ $1 {
×¸ðíûå íàñòàèâàþò íà ñâî¸ì ïðàâå èãðàòü «áåç êà÷åñòâà»} 25. fxe5 Qxe5+ 26.
Kf2 Qxh2+ 27. Rg2 Qh4+ 28. Rg3 Qf6+ 29. Bf3 Qxb2+ {Ïÿòü (!) «ëèøíèõ» ïåøåê.}
30. Kg1 g6 31. Qa8+ Kd7 32. Rg4 Qb3 33. Bg2 Qb6+ 34. Kh2 Ne3 35. Re4 Be6 36.
Bh3 Qb2+ 37. Kg3 Qb3 ({Ìàøèíêà ïðåäëàãàåò} 37... Bxh3 38. Qe8+ Kd6 39. Qd8+ Kc5
{è ò.ä. Íî ñïðàøèâàåòñÿ, êîìó ýòî íóæíî?}) 38. Bxe6+ fxe6 39. Qf8 {Òåïåðü âäîáàâîê
 êî âñåìó òåðÿåòñÿ ëàäüÿ íà å4. Äà è äî êîíòðîëÿ óæå ðóêîé ïîäàòü. Â îáùåì,
ïîñëå} Nf5+ {ïàðòèÿ çàêîí÷èëàñü.} (39... Nf5+ 40. Kf2 Qg3+ 41. Ke2 Qf3+ {
è ò.ä.}) 0-1

[Event "Russian Championship Superfinal"]
[Site "Moscow, Russia"]
[Date "2007.12.26"]
[Round "7"]
[White "WFM Gunina, Valentina(RUS)"]
[Black "IM Matveeva, Svetlana(RUS)"]
[Result "0-1"]
[WhiteElo "2359"]
[BlackElo "2433"]
[Annotator "Ëåáåäåâ Âàñèëèé"]
[PlyCount "72"]
[EventDate "2007.12.26"]

{Âåñüìà ëþáîïûòíûìè áûëè îêîëî äåñÿòêà õîäîâ ñëåäóþùåé ïàðòèè...} 1. d4 d5 2.
c4 dxc4 3. Nf3 e6 4. e3 c5 5. Bxc4 a6 6. O-O Nf6 7. Bb3 b5 8. a4 b4 9. Nbd2 Be7
10. e4 Bb7 11. e5 Nfd7 12. Nc4 O-O 13. Bf4 cxd4 14. Nxd4 Nc5 15. Bc2 Qd5 $1
$146 {Ëîãè÷íàÿ íîâèíêà.} (15... Nc6 16. Nxc6 Bxc6 17. Nd6 Bxd6 18. exd6 Bd5
19. Rc1 Rc8 20. Qd4 Nd7 21. Qxb4 Qf6 22. Qd2 g6 23. Bd3 Nc5 24. Rxc5 Rxc5 25.
Bxa6 Qf5 26. Bd3 Be4 27. Bb5 e5 28. Bh6 Bxg2 29. Kxg2 Qg4+ 30. Kh1 Qf3+ 31. Kg1
Qg4+ {(1/2 Sasikiran,K (2654) - Karjakin,S (2566)/playchess.com INT 2004).}) ({
Êàê áûëî âûÿñíåíî â îäíîé ïåðåïèñî÷íîé ïàðòèè, æåðòâîâàòü} 15... Bxg2 {
, «âûèãðûâàÿ» ïåøêó, çäåñü íå íàäî:} 16. Kxg2 Qd5+ 17. Qf3 Qxc4 18. Be3 Nbd7
19. Rac1 Qd5 ({èëè} 19... Qa2 20. Nc6 Rae8 21. Nxe7+ Rxe7 22. Bxc5 Nxc5 23. Bb1
Qxb2 24. Rxc5 {è ò.ä.}) 20. Qxd5 exd5 21. Nf5 Rfe8 22. Rfd1 {
Òàêîå äàâëåíèå âûäåðæàòü íåâîçìîæíî.} Bf8 (22... b3 23. Bb1 Nxa4 24. Rxd5 Nf8
25. Be4 {ñ ïîäàâëÿþùèì ïåðåâåñîì}) 23. Rxd5 b3 ({È âûÿñíÿåòñÿ, ÷òî íåëüçÿ} 
23... Rxe5 {ââèäó} 24. Rxe5 Nxe5 25. Bxc5 Bxc5 26. Be4 Rc8 27. Ne7+ $1 $18) 24.
Bd1 Rad8 25. Bxc5 Nxc5 26. Nd6 Ne6 27. Rc4 Re7 28. Bxb3 Red7 29. Nxf7 $1 Kxf7
30. Rxd7+ Rxd7 31. Rc6 {
(1-0 Hristov,I (2505) - Cordeiro,V (2425)/ICCF Email 2003/MegaCorr4).}) 16. Ne3
Qd7 17. Nb3 Nxb3 18. Bxb3 Rd8 19. Qg4 Nc6 20. Rad1 {Íå òîé ëàäü¸é!} ({
Áîëåå ïåðñïåêòèâíîé êàæåòñÿ ñëåäóþùàÿ ðàññòàíîâêà:} 20. Rfd1 Qc7 21. Rac1 {
è ò.ä.}) 20... Qe8 (20... Qc7 $5 {è, êàê ìû âèäèì êîðîëåâñêàÿ ëàäüÿ
ïåðåñêî÷èòü  íà ÷åðåç ñâîþ êîëëåãó, ðàñïîëîæèâøóþñÿ íà ïîëå d1, íå ìîæåò.
Õîòÿ è õî÷åò. ×àé, áåëûìè íå Íîçäð¸â èãðàåò!}) 21. Nc4 $6 {
Ðàç, íåòî÷íîñòü....} (21. Bh6 $5 Qf8 22. Nc4 Bc5 23. Be3 $1 $14) 21... Nd4 22.
Ba2 $2 {Äâà îøèáêà...} ({Ïðîñòî íåîáõîäèìî áûëî ëåçòü âïåð¸ä -} 22. Nd6 $1 {
, ïîñëå ÷åãî âïîëíå ìîã íàðèñîâàòüñÿ ñëåäóþùèé âàðèàíòèê} h5 $1 ({ïîñëàáåå} 
22... Bxd6 23. Rxd4 $13) 23. Qxh5 ({åñëè} 23. Qxg7+ $5 {, òî} Kxg7 24. Nxe8+
Kg8 $1 25. Nd6 $140 Ne2+ 26. Kh1 Bxd6 27. Bg5 $1 Bc7 28. Bxd8 Bxd8 29. Rd7 {
, ïî-ìîåìó, ñ ÷óòü áîëåå ïåðñïåêòèâíîé èãðîé ó ÷¸ðíûõ.}) 23... Rxd6 $1 24.
exd6 Qc6 $1 {Ìîí æåíåðàëü! Áàòàðåÿ ê áîþ ãîòîâà!} 25. Qg4 f5 ({ðàíî åù¸} 25...
Ne2+ $4 {ââèäó} 26. Kh1 Nxf4 27. dxe7 Qxg2+ 28. Qxg2 Bxg2+ 29. Kg1 Bxf1 $2 (
29... Bd5 30. Rfe1 Re8 31. Re3 a5 32. Bc4 $1 f6 {
, íàìåðåâàÿñü ïîäîáðàòüñÿ ê ïåøêå êîðîë¸ì, íî...} 33. Bxd5 ({íåïëîõî è} 33.
Rxd5 $5 exd5 34. Bb5 {è ò.ä.}) 33... exd5 34. h4 $1 {
ñ âûèãðàííîé, äîëæíî áûòü, ïîçèöèåé.}) 30. Rd8+) 26. Qh3 ({êîíå÷íî, íåëüçÿ} 
26. Qg3 $4 Ne2+ {ñ ìàòîì}) 26... Ne2+ 27. Kh1 Nxf4 {×¸ðíûå ïî÷òè ïîáåäèëè.}
28. Bxe6+ $1 Nxe6 29. dxe7 Re8 {
, è âåñåëüå, òî áèøü îáîþäîîñòðàÿ èãðà ïðîäîëæàåòñÿ.}) 22... Qxa4 23. Bb1 $4 {
Òðè, çåâîê.} ({Åù¸ ñîõðàíÿëî âîçìîæíîñòü ñîïðîòèâëåíèÿ} 23. Nd6 $5 {
Âïðî÷åì, ïî âñåé âèäèìîñòè, âïîëíå áåçíàä¸æíîãî -} Bxd6 24. Rxd4 Bf8 25. Rxd8
Rxd8 26. Bc4 Qc6 27. b3 Rd4 $1 28. f3 $140 Qc5 29. Kh1 Rxc4 $1 30. bxc4 b3 {
è ò.ä.}) 23... Nf3+ $1 {Ýòî íàçûâàåòñÿ: «Óïñ!»} 24. gxf3 Rxd1 $19 {
È äàëüøå - âñ¸ ïîíÿòíî.} 25. Nd2 Rxf1+ 26. Kxf1 Rd8 27. Kg2 Qd1 28. Bh6 Bf8 29.
Be4 Rxd2 30. Bxb7 Rxb2 31. Bxa6 Qc2 32. Qg3 Qg6 33. Bg5 h6 34. Be3 Qxg3+ 35.
hxg3 b3 36. f4 Ba3 0-1

[Event "Russian Championship Superfinal"]
[Site "Moscow, Russia"]
[Date "2007.12.26"]
[Round "7"]
[White "GM Morozevich, Alexander(RUS)"]
[Black "GM Grischuk, Alexander(RUS)"]
[Result "1-0"]
[WhiteElo "2755"]
[BlackElo "2715"]
[Annotator "Ëåáåäåâ Âàñèëèé"]
[PlyCount "53"]
[EventDate "2007.12.26"]

1. d4 d5 2. c4 c6 3. Nc3 Nf6 4. cxd5 {Ñêó÷íûì ýòîò âàðèàíò êàæåòñÿ òîëüêî
ïåðâûé, âåñüìà íåïðîñâåù¸ííûé (òî åñòü ìîé) âçãëÿä.} cxd5 5. Bf4 ({Òî, ÷òî èãðà
 â ñèììåòðèþ, çäåñü âåñüìà îïàñíà, îáðàçöîâî ïîêàçûâàåò ñëåäóþùàÿ
êëàññè÷åñêàÿ ïàðòèÿ -} 5. Nf3 Nc6 6. Bf4 Bf5 7. e3 e6 8. Bb5 Bb4 9. Ne5 Qa5 (
9... Ne4 $2 10. Nxc6 $16) 10. Bxc6+ bxc6 11. O-O Bxc3 12. bxc3 Qxc3 13. Qc1 $1
{È ÷¸ðíûå (Ìèõàèë Òàëü) â íåíàâèñòíîì åìó õóäøåì ýíäøïèëå çàùèòèòüñÿ íå
ñìîãëè...} Qxc1 14. Rfxc1 O-O 15. f3 h6 16. Nxc6 Rfe8 17. a4 Nd7 18. Bd6 Nb6
19. Bc5 Bd3 20. Nxa7 Rxa7 21. Bxb6 Ra6 22. a5 Bc4 23. Ra3 f6 24. e4 Kf7 25. Kf2
Raa8 26. Ke3 Reb8 27. Rac3 Rc8 28. g4 Rab8 29. h4 Rc6 30. h5 Rbc8 31. e5 g6 32.
hxg6+ Kxg6 33. R3c2 fxe5 34. dxe5 Rh8 35. Rh2 Rcc8 36. Kd2 Bb3 37. a6 Bc4 38.
a7 Rh7 39. Ra1 Ra8 40. Be3 Rb7 41. Rxh6+ Kg7 42. Rah1 Rb2+ {
(1-0 Botvinnik,M - Tal,M/Moscow 1961).}) 5... Nc6 6. e3 Bf5 ({
Ïîâòîðÿòü ïóòü Êîíñòàíòèíà Ñàêàåâà -} 6... a6 7. Rc1 Bg4 8. f3 Bd7 9. g4 e6 10.
h4 {è ò.ä. - 1-0 Morozevich,A (2755) - Sakaev,K (2634)/Moscow RUS 2007 (59) -
Ãðèùóê íå ñòàë.}) 7. Bb5 e6 8. Qa4 Qb6 9. Nf3 Be7 10. Ne5 O-O 11. Bxc6 Rfc8 $5
{Ïðîìåæóòîê âñåãäà ñèìïàòè÷åí. Ê òîìó æå ïîðà ïðèíèìàòü çà êîììåíòàòîðñêîå
äåëî, èáî ïàðòèÿ ñòðåìèòåëüíî äâèæåòñÿ ê ãðàíèöå èçâåäàííîãî} ({Â ñëó÷àå} 
11... Qxb2 12. O-O $1 {È, íàñêîëüêî ÿ ïîíÿë, ÷¸ðíûå ïîëó÷àþò ïðåñëîâóòûé
ýíäøïèëü â äóõå âûøåóïîìÿíóòîé ïàðòèè Áîòâèííèê - Òàëü, ÷òî ïîðàäîâàòü èõ,
êîíå÷íî æå íå ìîæåò. È âïðÿìü, ñîãëàñíî ÌåãàÁàçå, áåëûå íàáèðàþò çäåñü çà
60% î÷êîâ.}) 12. O-O ({Â ñëó÷àå} 12. Bb5 a6 $1 13. Be2 $140 $2 ({èëè} 13. O-O
axb5 14. Qxb5 Qxb5 15. Nxb5 Rc2 $44 {è ò.ä.}) 13... Qxb2 14. O-O Rxc3 {
÷¸ðíûå ïåíÿòü íà ñóäüáó ïðîñòî íå èìåþò ïðàâà.}) 12... bxc6 13. Rfc1 c5 {
Ïîñëå ýòîãî ó ÷¸ðíûõ ïðîáëåì íå äîëæíî áûëî áû áûòü...} ({Ïîñëå} 13... Qxb2
14. Nxc6 {÷¸ðíûå îïÿòü ïîëó÷àþò íåñêîëüêî õóäøèé (ÈÌÕÎ) ýíäøïèëü.} Bf8 15.
Qa6 $5 ({â ñëó÷àå} 15. Qb5 {íåïðèÿòíî} Qd2 $5 (15... Qa3 $145 16. Qb7 Bd3 17.
Nb5 Bxb5 18. Qxb5 Nh5 19. Bg3 Nxg3 20. hxg3 Rc7 21. Rc2 Rac8 22. Rac1 g6 23.
Rc3 Qd6 24. R3c2 h5 25. Qa4 Qd7 26. Qa6 Bd6 27. a3 Kf8 28. Nb4 Rxc2 29. Rxc2
Rxc2 30. Nxc2 Qc7 31. Qd3 Qa5 32. Kf1 Ke7 33. Ke2 a6 34. Nb4 Bxb4 35. axb4 Qa2+
36. Ke1 Kd7 37. Qc3 Qa4 38. Qc5 Ke8 39. Qc8+ Ke7 40. Qc5+ {
1/2 Gruenberg,R (2265)-Schmidt,B (2340)/Germany 1985})) 15... Qb6 16. Qxb6 axb6
17. Nb5 Bd3 18. Nba7 {è ò.ä. Òî åñòü,} Rxc6 $5 19. Nxc6 Ba3 20. Re1 $1 Nd7 21.
f3 {È, ïîõîæå, ÷òî ïîïûòêà îòûãðàòü ìàòåðèàë ïóò¸ì} Bb2 {âåä¸ò ê òðóäíîñòÿì:}
22. Rad1 Bc3 23. Rxd3 Bxe1 24. Kf1 $1 Bh4 (24... Ba5 25. Ra3 $16) 25. a3 $14)
14. dxc5 Rxc5 ({Â ñëó÷àå} 14... Bxc5 {áåëûå íàâåðíÿêà áû èãðàëè} 15. Nb5 {
, ïðåïÿòñòâóÿ ïðîãðàììíîìó d5-d4} Ne4) ({À ðåøèòüñÿ íà} 14... Qxb2 $5 {
â ñòîëü îòâåòñòâåííîé ïàðòèè ìîæíî, äóìàþ, òîëüêî ïîñëå îñíîâàòåëüíîãî
äîìàøíåãî àíàëèçà. Ïî ïåðâûì ïðèêèäêàì, ÷¸ðíûå, êàê ìèíèìóì, óðàâíèâàþò. Òî
åñòü} 15. c6 ({áûòü ìîæåò, áëàãîðàçóìíåå âñåãî òóò ïîâòîðèòüñÿ:} 15. Nd1 Qe2
16. Nc3 Qb2 {è ò.ä.}) 15... Bb4 $1 {
Ñ èäååé íà ãîðå âñåì áóðæóÿì â öåíòðå äîñêè ïîæàð ðàçäóòü. À èìåííî} 16. Qb3
Bxc3 17. Qxc3 Qxc3 18. Rxc3 Ne4 19. Rcc1 f6 $1 20. f3 {(ëó÷øåå?)} fxe5 21.
fxe4 exf4 22. exf5 fxe3 23. fxe6 Rab8 $5 {
Çàñòàâëÿÿ áåëûì íåìíîãî ïîâîëíîâàòüñÿ.} ({è ïîñëå} 23... Rc7 $5 {äàëåêî è îáîþäíî
 ïðîäâèíóòûå ïðîõîäíûå ñîïåðíèêîâ, ïî-ìîåìó, îáðå÷åíû íà àííèãèëÿöèþ. Ê
ïðèìåðó,} 24. Rab1 Rac8 25. Rb5 d4 26. Rd5 Kf8 ({íî íå} 26... Rxc6 $4 27. Rxc6
Rxc6 28. Rd8#) 27. Rxd4 Rxc6 28. e7+ $1 Kxe7 29. Re4+ Kf7 30. Rxc6 Rxc6 31.
Rxe3 $11) 24. Rc5 $1 d4 25. Rf1 $1 {Ñàìîå òî÷íîå!} e2 26. Re1 d3 27. Rd5 Rxc6
28. Rxd3 Rxe6 29. Rd2 Rbe8 30. Kf2 $11) 15. b4 Rcc8 16. a3 {Ïðåäëàãàÿ âûñêàçàòüñÿ
 ïðîòèâíèêó, Ñâîè-òî ôèãóðû áåëûå ðàññòàâèëè, ïî âñåé âèäèìîñòè, íàèëó÷øèì
îáðàçîì.} d4 {
Â ðåçóëüòàòå ýòîãî ïðîäâèæåíèÿ ïðîèñõîäèò âíåäðåíèå áåëîãî êîíÿ íà ñ6} ({
Íî ÷òî òóò ìîæíî ïðåäëîæèòü âçàìåí? Ïîïûòêà îáðåñòè äâóõ ñëîíîâ} 16... Nh5 {
íàòàëêèâàåòñÿ íà} 17. Qd7 $1 Qd8 ({õóæå} 17... Qc7 18. Qxc7 Rxc7 19. Nb5 $36)
18. Qxd8+ Bxd8 ({ïëîõî, ðàçóìååòñÿ,} 18... Rxd8 $2 {è ïî ïîçèöèîííûì, è ïî
òàêòè÷åñêèì ïðè÷èíàì. Âî-ïåðâûõ, íå ñëåäóåò  óñòóïàòü îòêðûòóþ ëèíèþ çà
çäîðîâî æèâ¸øü, à âî-âòîðûõ, òåïåðü ñ åù¸ áîëüøåé ñèëîé ïðîõîäèò} 19. g4 Nxf4
20. gxf5 $1 Nh5 21. fxe6 fxe6 22. Nc6 Rd7 23. Ra2 $1 $14 {Èñòèííî ìîðîçåâè÷åñêèé
 õîä! Ëàäüÿ èä¸ò ñäâàèâàòüñÿ, êîíü ñ ñ3 õî÷åò «òðàíçèòèòüñÿ» íà d4 ÷åðåç
å2, à «åñòåñòâåííîå»} Rc8 $140 $4 {
ïðîèãðûâàåò â îäèí ìîìåíò. Ñ íà÷àëà ïåøêó -} 24. Nxd5 $1 {È äàëåå:} Kf8 25.
Ndxe7 Rxe7 26. Rac2 Rec7 27. Rc5 {, à çàòåì è âñ¸ îñòàëüíîå}) 19. g4 Nxf4 20.
exf4 Bg6 21. Nb5 $5 Rxc1+ 22. Rxc1 a5 23. Nd4 {
è ò.ä. - ó áåëûõ áîëåå ïðèÿòíûé ýíäøïèëü.}) 17. exd4 Qxd4 18. Nc6 Qd7 19. b5
$14 {Êîíü íà ñ6 - ýòî íàøå âñ¸.} Bf8 {
Ó ÷¸ðíûõ - «õóæåå», ïîýòîìó îíè äâóõ ñëîíîâ ñòàðàþòñÿ ñîõðàíèòü è óáåðå÷ü.
} 20. Qa6 $5 {Âî-ïåðâûõ áåëûå íàñòóïàþò íà ãîðëî ÷¸ðíîé ïåøêå «à», êîòîðàÿ
óæå íèêóäà íå èä¸ò...} ({À ÷òî ïîëó÷èëîñü áû â ñëó÷àå íàïðàøèâàþùåãîñÿ} 20.
Rd1 {Ïî-ìîåìó, òîãäà ÷¸ðíûå íà÷àëè áû «ðâàòü» àâàíãàðä ïðîòèâíèêà:} Qb7 21.
Qc4 a6 $1 22. a4 Nd7 {
À áåëûå â îòâåò, íàâåðíîå, èçî âñåõ óêðåïëÿëè áû ñâîé ôîðïîñò -} 23. Nd5 $5 {
È âïîëíå âåðîÿòíî, ÷òî ïðèøëà ïîðà óïðîñòèòüñÿ -} exd5 24. Qxd5 Nb8 $1 25.
Qxf5 Nxc6 26. bxc6 Qxc6 27. Rd7 Qc4 {
Áåëûå ïîääàâëèâàþò, íî íå áîëüøå (ÈÌÕÎ). Íàïðèìåð,} 28. Rad1 g6 29. Qf6 Bg7
30. Qd6 Re8 {Íè÷üÿ?}) 20... Bc5 $6 {
×¸ðíûå íà÷èíàþò ÷òî-òî òàì âûöåëèâàòü íà êîðîëåâñêîì ôëàíãå...} ({
Ïîëå d3 ïðîñòî ìàíèò, ïîýòîìó èñïðîáóåì -} 20... Bd3 21. Ra2 $1 {
×üþ ìû òóò ïàðòèþ ñìîòðèì? Òî òî æå!} Nd5 $140 22. Nxd5 exd5 (22... Qxd5 23.
Ne7+ $1) 23. Rd2 Qf5 24. g3 Bc4 25. a4 $14 {Ìàõîíüêèé òàêîé}) ({Åñëè æå} 20...
Qd3 $5 {
, ÷òî ïîêàìåñò ïðåïÿòñòâóåò çàõâàòó ëèíèè «d», òî, ïîõîæå, ÷òî íåïëîõî} 21.
Na2 $5 {ñ èäååé ïîñëå} Qxa3 $140 {ðàçðàçèòüñÿ «âíåçàïíûì»} 22. Ne7+ $1 Qxe7
23. Rxc8 Rxc8 24. Qxc8 {íå çíàþ, ðåàëèçóåìîå èëè íåò òóò êà÷åñòâî, íî â òîì,
÷òî îíî ëèøíåå ÿ óâåðåí. ;) Âèäèìî, õîä â òåêñòå - óæå ñåðü¸çíàÿ íåòî÷íîñòü.}
) 21. Rd1 $1 Bd3 $2 {«Ãðîçèò» Bxf2, íî ïîñëå ýòîãî «âòîðæåíèÿ» êóðñ îöåíêè
ïîçèöèþ ñðàçó ðåçêî ñìåøàåòñÿ â áåëóþ ñòîðîíó.} ({Òîñêëèâî è óíûëî} 21... Qe8
22. Bd6 Bxd6 23. Rxd6 Ne4 24. Nxe4 Bxe4 25. Rad1 {è ò.ä.}) ({Óíûëî è òîñêëèâî} 
21... Nd5 22. Rac1 ({èëè} 22. Rd2 $5)) 22. Bg3 {Áåëûå õëàäíîêðîâíî çàùèòèëèñü
è æäóò, ÷òî æå ïðèäóìàåò çäåñü èõ èçîáðåòàòåëüíûé ïðîòèâíèê.} ({
Äàâàéòå, ðàç âðåìÿ ïîçâîëÿåò, ïîãëÿäèì íà «åñòåñòâåííîå» è «êîìïîâîå»} 22.
Ne5 $5 {, ïîçâîëÿÿ ÷¸ðíûì îñóùåñòâèòü ñàìûå ñìåëûå ñâîè ôàíòàçèè -} Bxf2+ ({
åñëè} 22... Qd4 {, òî, â êîíöå âàðèàíò, áåëûå âåñüìà è âåñüìà «ýôôåêòÿòñÿ» -}
23. Nxd3 Qxc3 24. Rac1 Qb3 25. Nxc5 Rxc5 $1 26. Qxa7 $1 ({íî, ðàçóìååòñÿ, íå} 
26. Rxc5 $4 Qxd1#) 26... Rcc8 27. Qb7 {È ïîäâèãàåì åù¸ ôèãóðêè:} Rd8 28. Rxd8+
Rxd8 29. Qc8 $1 Re8 30. Qa6 {- ïî-ìîåìó, ó ÷¸ðíûõ - ïîëíàÿ áåçíàä¸ãà}) 23. Kh1
({íî íå} 23. Kxf2 $4 Qd4+ 24. Be3 Qxe5 25. Rxd3 Rxc3 $19) 23... Qd4 24. Nxd3
Rxc3 25. Be5 {Êàê æå âñ¸ ó ýòèõ êàëüêóëÿòîðîâ ñðàñòàåòñÿ!} Qxd3 $1 26. Bxc3 ({
ïîñëàáåå áóäåò} 26. Rxd3 Rxd3 {ñ ëàñêåðîâñêîé êîìïåíñàöèåé çà ôåðçÿ}) {È íåò}
26... Qxc3 {ââèäó} 27. Rac1 Qb3 28. Qc8+ $1 ({ïîñëå} 28. Rc8+ $4 Ne8 {
, è âûèãðûâàþò óæå ÷¸ðíûå!}) 28... Rxc8 (28... Ne8 29. Qxa8) 29. Rxc8+ Ne8
30. Rxe8# {, à ýòî çíà÷èò, ÷òî ÷¸ðíûå îñòàëèñü áåç êà÷åñòâà äà åù¸ è â
àõîâîì ïîëîæåíèè.}) ({
Íî çíàåòå, ÷òî? Áûòü ìîæåò, ñàìûì ñèëüíûì çäåñü áûëî «çàâåðøàþùåå ðàçâèòèå»
} 22. Rac1 {, ïîñëå ÷åãî âïîðó óñòðàèâàòü ìîçãîâîé øòóðì äàáû ïðèäóìàòü
ñëåäóþùèé õîä ÷¸ðíûõ!}) 22... Ng4 {
À ÷òî åù¸? Âåäü òåïåðü Ne5 ãðîçèëî óæå âñåðü¸ç.} ({Íåëüçÿ} 22... Bxb5 {
ââèäó íåñëîæíîãî, íî ñèìïàòè÷íîãî} 23. Qxb5 Qxc6 24. Rd8+ $1) ({À åñëè} 22...
Bd4 $5 {
îïÿòü íå ïóñêàÿ êîíÿ íà å5, òî âåñüìà ñèëüíûì ïðåäñòàâëÿåòñÿ âêðàä÷èâîå} 23.
Qa5 $1 ({êîíå÷íî, ñëàáåå} 23. Rxd3 Bxf2+ 24. Bxf2 $140 Qxd3 25. Ne7+ Kh8 26.
Nxc8 Qxc3 {è ò.ä.})) 23. Qa4 ({Âïîëíå õîðîøî áûëî è ñëåãêà «èçäåâàòåëüñêîå»} 
23. h3 $5 {È, âðîäå áû, ìîæíî ñäàâàòüñÿ? À âû êàê äóìàåòå?}) 23... f5 {
Õîäèòü-òî êàê-òî íàäî...} ({È âíîâü íåëüçÿ} 23... Bxb5 24. Qxb5 Qxc6 {èç-çà}
25. Rd8+ $1) 24. h3 f4 ({«Ïîäêðóòêè» óæå íå äåéñòâóþò -} 24... a6 25. hxg4
axb5 26. Ne5 $1 $18) 25. Bh4 Nh6 (25... Nf6 26. Bxf6 gxf6 27. Qxf4 $18) ({
À ïîñëå} 25... Ne3 $5 26. fxe3 fxe3 {ìîæíî äàæå «øóòêàíóòü» -} 27. Ne2 $1 $18
{, èáî íèêàêèõ óãðîç ÷¸ðíûå çäåñü ñîçäàäóò íå â ñèëàõ.}) 26. Ne4 Bf8 27. Qb3
$1 {Ñëîí ïîéìàí! Äà íå íà ðàçìåí, à ðåàëüíî ïîéìàí. Ïîýòîìó ÷¸ðíûå ñäàëèñü.}
1-0